000 00229nmm a2200085Ia 4500
008 220120s9999||||xx |||||||||||||||||und||
100 _aDigit
245 0 _aQuantum of game demo SOLACE 7, Prog. evaluation soccer2009-
260 _c2008
999 _c139217
_d139217